Bibliografía ibérica (Record no. 129787)

MARC details
000 -LEADER
campo de control de longitud fija 00808nam a2200193 i 4500
001 - NÚMERO DE CONTROL
campo de control 129787
003 - IDENTIFICADOR DE NÚMERO DE CONTROL
campo de control ES-MaACL
005 - FECHA Y HORA DE LA ÚLTIMA TRANSACCIÓN
campo de control 20230906193557.0
007 - CAMPO FIJO DE DESCRIPCIÓN FÍSICA--INFORMACIÓN GENERAL
campo de control de longitud fija t|
008 - DATOS DE LONGITUD FIJA--INFORMACIÓN GENERAL
campo de control de longitud fija 070705s1919 sp ||||1| spa d
100 1# - ENTRADA PRINCIPAL--NOMBRE DE PERSONA
Nombre de persona Zuazo y Palacios, Julián.
9 (RLIN) 118387
245 10 - MENCIÓN DEL TÍTULO
Título Bibliografía ibérica
Resto del título : suroeste de España, Castellar de Mecas, Cerro de los Santos /
Mención de responsabilidad, etc. Julián Zuazo Palacios.
260 ## - PUBLICACIÓN, DISTRIBUCIÓN, ETC.
Lugar de publicación, distribución, etc. Madrid :
Nombre del editor, distribuidor, etc. Blass y Cía,
Fecha de publicación, distribución, etc. 1919.
300 ## - DESCRIPCIÓN FÍSICA
Extensión 71 p. ;
Dimensiones 26 cm.
500 ## - NOTA GENERAL
Nota general Precede al tít.: Congreso de Bilbao. VII de la Asociación Española para el Progreso de las Ciencias.
710 2# - ENTRADA AGREGADA--NOMBRE DE ENTIDAD CORPORATIVA
Nombre de entidad corporativa o nombre de jurisdicción como elemento de entrada Asociación Española para el Progreso de las Ciencias.
9 (RLIN) 1705
710 2# - ENTRADA AGREGADA--NOMBRE DE ENTIDAD CORPORATIVA
Nombre de entidad corporativa o nombre de jurisdicción como elemento de entrada Asociación Española para el Progreso de las Ciencias.
Unidad subordinada Congreso (
Número del congreso/reunión o número de parte o sección 7º.
Fecha del congreso o de la firma del tratado 1919.
Sede del congreso/Lugar de la reunión Bilbao)
9 (RLIN) 1701
852 4# - LOCALIZACIÓN
Ubicación ES-MaACL
Número de control de estantería 1574-F-24
Holdings
Estatus retirado Estado de pérdida Estado de daño No para préstamo Colección Biblioteca de origen Biblioteca actual Ubicación en estantería Fecha de adquisición Fuente de adquisición Total de préstamos Signatura topográfica completa Código de barras Visto por última vez Precio de reemplazo Tipo de ítem Koha
        Colección de folletos Biblioteca del Ateneo de Madrid Biblioteca del Ateneo de Madrid Depósito folletos 17/01/2008     1574-F-24 1135142 23/02/2023 23/02/2023 Folleto